LEADER 01019nam a22002411i 4500 001 991000599459707536 005 20021018131111.0 008 021018s1976 it |||||||||||||||||ita 035 $ab12028174-39ule_inst 035 $aARCHE-011797$9ExL 040 $aDip.to Filologia Ling. e Lett.$bita$cA.t.i. Arché s.c.r.l. Pandora Sicilia s.r.l. 082 04$a850.9 100 1 $aPerriera, Michele$0449421 245 12$aL'avvenire della memoria :$bsulla resistenza della letteratura siciliana al fascismo: analisi e antologia di 7 autori /$cMichele Perriera 260 $aPalermo :$bS.F. Flaccovio,$cstampa 1976 300 $a297 p. ;$c24 cm 650 4$aLetteratura italiana$xAutori siciliani$y1920-1945$aSaggi 907 $a.b12028174$b02-04-14$c01-04-03 912 $a991000599459707536 945 $aLE008 Cr D IV 54$g1$i2008000203511$lle008$o-$pE0.00$q-$rl$s- $t0$u0$v0$w0$x0$y.i12318097$z01-04-03 996 $aAvvenire della memoria$9142577 997 $aUNISALENTO 998 $ale008$b01-04-03$cm$da $e-$fita$git $h2$i1 LEADER 01472nam 2200385 a 450 001 9910697847703321 005 20081210142349.0 035 $a(CKB)5470000002392506 035 $a(OCoLC)277663361 035 $a(EXLCZ)995470000002392506 100 $a20081210d2008 ua 0 101 0 $aeng 135 $aurmn||||||||| 181 $ctxt$2rdacontent 182 $cc$2rdamedia 183 $acr$2rdacarrier 200 10$aAviation safety$b[electronic resource] $eFAA has taken steps to determine that it has made correct medical certification decisions : report to the Chairman, Committee on Transportation and Infrastructure, House of Representatives 210 1$a[Washington, D.C.] :$cU.S. Govt. Accountability Office,$d[2008] 215 $aii, 34 pages $cdigital, PDF file 300 $aTitle from title screen (viewed on Nov. 19, 2008). 300 $a"September 2008." 300 $a"GAO-08-997." 320 $aIncludes bibliographical references. 517 $aAviation safety 606 $aAir pilots$xMedical examinations 606 $aAeronautics, Commercial$xSafety regulations$zUnited States 615 0$aAir pilots$xMedical examinations. 615 0$aAeronautics, Commercial$xSafety regulations 712 02$aUnited States.$bCongress.$bHouse.$bCommittee on Transportation and Infrastructure. 801 0$bGPO 801 1$bGPO 906 $aBOOK 912 $a9910697847703321 996 $aAviation safety$92313029 997 $aUNINA